[Event "Flint (Class C/5)"]
[Site "?"]
[Date "1992.??.??"]
[Round "?"]
[White "Robinson, Erik"]
[Black "Rubel, J."]
[Result "1-0"]
[WhiteElo "1605"]
[BlackElo "1605"]
[PlyCount "77"]
[EventDate "1992.??.??"]

1. d4 Nf6 2. c4 d6 3. Nc3 g6 4. e3 Bg7 5. Bd3 O-O 6. Nge2 Nbd7 7. f3 c5 8. O-O
cxd4 9. exd4 e5 10. d5 Qb6+ 11. Kh1 a6 12. Bd2 Qc7 13. Qc2 Nc5 14. Ne4 Nxd3 15.
Qxd3 Nxe4 16. fxe4 f5 17. Ng3 f4 18. Ne2 Bg4 19. Ng1 Rf7 20. Rf2 Raf8 21. b3
Bf6 22. g3 Qd7 23. h3 fxg3 24. Rg2 Bxh3 25. Rxg3 Bg4 26. Bh6 Bg7 27. Be3 Bf3+
28. Kh2 Bh5 29. c5 dxc5 30. Bxc5 Re8 31. Rf1 Rxf1 32. Qxf1 Bh6 33. Nh3 Qf7 34.
Qc4 Rc8 35. Qb4 Qf1 36. Qb6 Re8 37. d6 Bf3 38. Rg1 Bf4+ 39. Nxf4 1-0

[Event "Detroit (MOR/3/102)"]
[Site "?"]
[Date "1992.??.??"]
[Round "?"]
[White "Robinson, Don"]
[Black "Raupp, Sarah"]
[Result "0-1"]
[WhiteElo "1605"]
[BlackElo "1605"]
[PlyCount "56"]
[EventDate "1992.??.??"]

{3/(102)} 1. d4 f5 2. Nf3 e6 3. c4 b6 4. a3 Bb7 5. Nc3 Nf6 6. Bg5 Be7 7. e3 Ne4
8. Bxe7 Qxe7 9. Be2 O-O 10. O-O d6 11. Qc2 Nd7 12. Rad1 Ndf6 13. d5 e5 14. Bd3
Nxc3 15. Bxf5 Nxd1 16. Rxd1 Bc8 17. Bxc8 Raxc8 18. e4 c6 19. Ng5 c5 20. Ne6 Rf7
21. Rd3 Nh5 22. g3 Qf6 23. Rd2 Qg6 24. Kf1 Qf6 25. Ke1 Qf3 26. Re2 Qh1+ 27. Kd2
Qxh2 28. Kc3 Rf3+ 0-1

[Event "Detroit (MOR/1b/41)"]
[Site "?"]
[Date "1992.??.??"]
[Round "?"]
[White "Robinson, Don"]
[Black "Imai, Toshio"]
[Result "0-1"]
[WhiteElo "1605"]
[BlackElo "1700"]
[PlyCount "68"]
[EventDate "1992.??.??"]

1. d4 Nf6 2. c4 e5 3. e3 exd4 4. exd4 d5 5. Nf3 Bb4+ 6. Nc3 O-O 7. Be2 Ne4 8.
Bd2 Nxd2 9. Qxd2 dxc4 10. a3 Ba5 11. O-O Bxc3 12. bxc3 b5 13. a4 c6 14. axb5
cxb5 15. Ne5 Bb7 16. Bf3 Bxf3 17. Nxf3 Nd7 18. Ra6 Nb8 19. Ra2 a5 20. Qf4 Qd5
21. Re2 Nc6 22. Rfe1 f6 23. Re6 b4 24. Rd6 Qb5 25. Ree6 Nd8 26. Re7 Nf7 27. Qg3
bxc3 28. h3 Qb1+ 29. Re1 c2 30. Rxf6 Qxe1+ 31. Nxe1 c1=Q 32. Re6 Rae8 33. d5
Rxe6 34. dxe6 Qxe1+ 0-1

[Event "Detroit (MI Op/4/37)"]
[Site "?"]
[Date "1992.??.??"]
[Round "?"]
[White "Robes, S."]
[Black "Skidmore, Jennifer"]
[Result "0-1"]
[WhiteElo "1745"]
[BlackElo "1925"]
[PlyCount "84"]
[EventDate "1992.??.??"]

{4/(37)} 1. d4 d5 2. c4 e6 3. Nc3 Nf6 4. Bg5 c6 5. cxd5 exd5 6. Nf3 Bb4 7. e3
Bf5 8. Bd3 Bg4 9. h3 Bh5 10. a3 Be7 11. Be2 Nbd7 12. O-O O-O 13. Rc1 Bg6 14.
Bd3 Ne4 15. Bxe7 Qxe7 16. Qc2 f5 17. Nd2 Ndf6 18. Rfe1 Nh5 19. Nf1 Rae8 20. Ne2
Qh4 21. Bxe4 fxe4 22. Neg3 Re7 23. Re2 Ref7 24. b4 Bf5 25. Nxh5 Qxh5 26. Ng3
Qg6 27. Nxf5 Rxf5 28. Qa2 Rf3 29. Kh1 Qe6 30. Kh2 Qd6+ 31. g3 h5 32. h4 g5 33.
hxg5 h4 34. Rg1 Kh7 35. Rg2 Rh8 36. Kg1 h3 37. Rh2 Qe6 38. Qc2 Rhf8 39. a4 Qg4
40. Re1 Rxg3+ 41. fxg3 Qxg3+ 42. Rg2 h2+ 0-1

[Event "Detroit (MI Op/7/33)"]
[Site "?"]
[Date "1992.??.??"]
[Round "?"]
[White "Robes, S."]
[Black "Moody, David"]
[Result "1-0"]
[WhiteElo "1745"]
[BlackElo "2000"]
[PlyCount "45"]
[EventDate "1992.??.??"]

{7/(33)} 1. d4 Nf6 2. c4 c5 3. e3 d5 4. Nc3 e6 5. Nf3 Nc6 6. a3 a6 7. Qc2 dxc4
8. Ne5 Nxe5 9. dxe5 Nd5 10. Bxc4 b5 11. Bd3 Qg5 12. O-O Qxe5 13. Be4 Bb7 14. f4
Qh5 15. Bf3 Qh4 16. Rd1 Nxc3 17. Bxb7 Nxd1 18. g3 Qd8 19. Bc6+ Ke7 20. Qxc5+
Qd6 21. Qxd6+ Kxd6 22. Bxa8 Kc7 23. Bf3 1-0

[Event "Detroit (MI Op/2/15)"]
[Site "?"]
[Date "1992.??.??"]
[Round "?"]
[White "Robes, S."]
[Black "Knecht, Mark"]
[Result "0-1"]
[WhiteElo "1745"]
[BlackElo "2110"]
[PlyCount "82"]
[EventDate "1992.??.??"]

{2/(15)} 1. d4 d5 2. Nf3 e6 3. c4 c6 4. Nc3 Nf6 5. Bg5 h6 6. Bh4 dxc4 7. e4 g5
8. Bg3 b5 9. a4 b4 10. e5 bxc3 11. exf6 cxb2 12. Rb1 Bb4+ 13. Ke2 c3 14. Qc2 g4
15. Ne5 Qxd4 16. Rd1 Ba6+ 17. Ke1 Qb6 18. Bxa6 Nxa6 19. Ke2 Nc5 20. Rhe1 Qa6+
21. Ke3 Qxa4 22. Re2 Qxc2 23. Rxc2 Nb3 24. Nxc6 Bc5+ 25. Kd3 Nc1+ 26. Rcxc1
bxc1=Q 27. Rxc1 Rc8 28. Rb1 c2 29. Kxc2 Bb6 30. Kd3 Rxc6 31. f3 gxf3 32. gxf3
O-O 33. Be5 Rd8+ 34. Ke2 Rc2+ 35. Ke1 Rdd2 36. Bg3 Rg2 37. Kd1 Rb2 38. Rc1 Rg1+
39. Be1 Ba5 40. Rc8+ Kh7 41. Kc1 Re2 0-1

[Event "Detroit (Pan Am/3)"]
[Site "?"]
[Date "1992.??.??"]
[Round "?"]
[White "Roberts, Kenneth"]
[Black "Nowicki, B."]
[Result "1-0"]
[WhiteElo "1770"]
[BlackElo "1605"]
[PlyCount "83"]
[EventDate "1992.??.??"]

1. Nf3 Nc6 2. c4 e5 3. Nc3 Nf6 4. d3 a6 5. g3 Bc5 6. Bg2 d6 7. O-O O-O 8. h3
Nh5 9. e3 f5 10. d4 exd4 11. Nxd4 Bxd4 12. exd4 Nf6 13. Bg5 Qe8 14. Re1 Qg6 15.
Be3 Bd7 16. Qd2 Rae8 17. d5 Ne5 18. b3 Ne4 19. Qc2 Nf7 20. Bf4 Re7 21. f3 Ne5
22. fxe4 fxe4 23. Qxe4 Bf5 24. Qd4 Bxh3 25. Rf1 Bxg2 26. Kxg2 Ng4 27. Rf3 Qc2+
28. Qd2 Qxd2+ 29. Bxd2 Rxf3 30. Kxf3 Ne5+ 31. Kg2 Rf7 32. Rf1 Rxf1 33. Kxf1 Kf7
34. Ke2 h6 35. Ne4 b6 36. Bc3 Ng4 37. b4 g5 38. c5 dxc5 39. bxc5 Kg6 40. d6
cxd6 41. cxb6 d5 42. Nc5 1-0

[Event "Detroit (Pan Am/4)"]
[Site "?"]
[Date "1992.??.??"]
[Round "?"]
[White "Roberts, Kenneth"]
[Black "Meng, A."]
[Result "1-0"]
[WhiteElo "1770"]
[BlackElo "1975"]
[PlyCount "35"]
[EventDate "1992.??.??"]

1. d4 Nf6 2. c4 g6 3. Nc3 Bg7 4. e4 d6 5. Be2 O-O 6. Nf3 e5 7. d5 Na6 8. Nd2 c5
9. O-O Nc7 10. Kh1 Nfe8 11. f4 f5 12. Bd3 Nf6 13. fxe5 dxe5 14. exf5 e4 15.
Ndxe4 Nxe4 16. Nxe4 Bxf5 17. Bg5 Qd7 18. Nxc5 1-0

[Event "Detroit (MI Action/2)"]
[Site "?"]
[Date "1992.??.??"]
[Round "?"]
[White "Roberts, Kenneth"]
[Black "Helle, Frank"]
[Result "0-1"]
[WhiteElo "1770"]
[BlackElo "2120"]
[PlyCount "48"]
[EventDate "1992.??.??"]

1. d4 d5 2. c4 dxc4 3. Nc3 Nf6 4. e3 e5 5. Nf3 exd4 6. Qxd4 Qxd4 7. Nxd4 c6 8.
Bxc4 Bb4 9. Bd2 O-O 10. Ne4 Bxd2+ 11. Nxd2 Nbd7 12. O-O Ne5 13. Be2 c5 14. N4f3
Nxf3+ 15. Bxf3 Rb8 16. Nc4 Be6 17. Ne5 Rfe8 18. Nd3 b6 19. Nf4 Red8 20. Rfd1
Kf8 21. a3 Ke7 22. Nxe6 Kxe6 23. Kf1 a6 24. Ke2 b5 0-1

[Event "Detroit (Pan Am/1)"]
[Site "?"]
[Date "1992.??.??"]
[Round "?"]
[White "Roberts, Kenneth"]
[Black "Gaiefsky, S."]
[Result "1-0"]
[WhiteElo "1770"]
[BlackElo "1605"]
[PlyCount "95"]
[EventDate "1992.??.??"]

1. d4 Nf6 2. c4 d5 3. Nc3 g6 4. cxd5 Nxd5 5. e4 Nxc3 6. bxc3 Bg7 7. Bc4 Nc6 8.
Ne2 Bd7 9. Be3 Na5 10. Bd3 e5 11. Rb1 O-O 12. O-O Qh4 13. Qd2 f6 14. f3 Rf7 15.
dxe5 fxe5 16. Bg5 Bh6 17. Bxh6 Qe7 18. Be3 b6 19. f4 Raf8 20. fxe5 Rxf1+ 21.
Rxf1 Rxf1+ 22. Kxf1 Qxe5 23. Kg1 c5 24. Bf4 Qe6 25. Bb1 Nc4 26. Qd5 Na3 27. Qd1
Nxb1 28. Qxb1 Kg7 29. Qd1 Bb5 30. Qc2 Bc4 31. Nc1 Qf6 32. Qd2 Qe6 33. Bh6+ Kf7
34. Qf4+ Ke8 35. Qb8+ Kd7 36. Qxa7+ Kc6 37. Qa4+ Bb5 38. Qa8+ Kc7 39. Bf4+ Kd7
40. Qd5+ Ke7 41. Bg5+ Kf7 42. Kf2 Bc6 43. Qxe6+ Kxe6 44. Ke3 Bb5 45. Nd3 Bc4
46. a3 Bb5 47. Bd8 Kd6 48. Bxb6 1-0

[Event "Detroit (MI Op/2/36)"]
[Site "?"]
[Date "1992.??.??"]
[Round "?"]
[White "Roberts, Kenneth"]
[Black "Bailey, Greg"]
[Result "1-0"]
[WhiteElo "1855"]
[BlackElo "2000"]
[PlyCount "115"]
[EventDate "1992.??.??"]

{2/(36)} 1. d4 e6 2. c4 Nf6 3. Nf3 b6 4. a3 Ne4 5. Qd3 d5 6. cxd5 exd5 7. Nc3
Bb7 8. Nd2 f5 9. Qh3 Qd7 10. Ndxe4 dxe4 11. Bf4 Bd6 12. Qh5+ g6 13. Qg5 Bxf4
14. Qxf4 Qd6 15. Qxd6 cxd6 16. e3 Nd7 17. Kd2 Ke7 18. Be2 Nf6 19. Rhc1 Rhc8 20.
Rc2 Kd7 21. Rac1 h5 22. f4 exf3 23. Bxf3 Bxf3 24. gxf3 g5 25. Nb5 Rxc2+ 26.
Rxc2 Ne8 27. d5 g4 28. Nd4 Nf6 29. Nxf5 gxf3 30. Kd3 Nxd5 31. Rf2 Rg8 32. Nh4
Rg4 33. Nxf3 Rg7 34. Ke4 Nf6+ 35. Kd3 Ng4 36. Re2 Rf7 37. Nd4 Nf2+ 38. Kd2 d5
39. Nc2 Kd6 40. Ne1 h4 41. Ng2 Ne4+ 42. Ke1 h3 43. Nf4 Rh7 44. Rc2 Ke5 45. Rc6
Ng5 46. Ke2 Ke4 47. Ne6 Nf3 48. Rd6 Rh6 49. Ng5+ Nxg5 50. Rxh6 Nf3 51. Re6+ Ne5
52. Re7 a5 53. a4 d4 54. exd4 Kxd4 55. Rh7 Ng6 56. Kd2 Nf4 57. Rh4 Ke5 58. Rh6
1-0

[Event "Detroit (Pan Am/1)"]
[Site "?"]
[Date "1992.??.??"]
[Round "?"]
[White "Robbins, Fred"]
[Black "Nowicki, B."]
[Result "1-0"]
[WhiteElo "1945"]
[BlackElo "1605"]
[PlyCount "65"]
[EventDate "1992.??.??"]

1. f4 d5 2. Nf3 f6 3. e3 e6 4. b3 Nc6 5. Bb2 a6 6. a3 Bd6 7. Bd3 Nge7 8. O-O
O-O 9. Nc3 Bd7 10. Ne2 Qe8 11. Ng3 f5 12. Rc1 Ng6 13. c4 Nce7 14. c5 Bxf4 15.
exf4 Nxf4 16. Bb1 Neg6 17. Ne5 Nxe5 18. Bxe5 Ng6 19. Bxc7 Bc6 20. d4 Rf7 21.
Bd6 Qd8 22. Qe1 Qd7 23. Rc3 b6 24. b4 Rc8 25. Nh5 bxc5 26. bxc5 Bb5 27. Rff3
Re8 28. Nf4 Nxf4 29. Rxf4 Bc4 30. Re3 Rf6 31. Bxf5 g5 32. Bxh7+ Kxh7 33. Rxf6
1-0

[Event "Flint (Class A/2)"]
[Site "?"]
[Date "1992.??.??"]
[Round "?"]
[White "Robbins, Fred"]
[Black "Morris, Jewell"]
[Result "1/2-1/2"]
[WhiteElo "1875"]
[BlackElo "1950"]
[PlyCount "93"]
[EventDate "1992.??.??"]

1. Nf3 c5 2. g3 d5 3. Bg2 Nc6 4. O-O e5 5. d3 Nf6 6. Nbd2 Be7 7. Re1 O-O 8. e4
dxe4 9. Nxe4 Bg4 10. Nxf6+ Bxf6 11. h3 Bxf3 12. Bxf3 Qc7 13. c3 Rad8 14. Qc2
Qd7 15. Bxc6 bxc6 16. Be3 Qxh3 17. Bxc5 Rfe8 18. Bxa7 Rd7 19. Be3 Red8 20. Rad1
Qf5 21. Bb6 Rxd3 22. Bxd8 Rxg3+ 23. fxg3 Qxc2 24. Bxf6 gxf6 25. Ra1 Qxb2 26. a4
Qxc3 27. a5 Qxg3+ 28. Kh1 Qh3+ 29. Kg1 Qd7 30. a6 Qa7+ 31. Kg2 Kg7 32. Reb1 f5
33. Rb7 Qd4 34. Rab1 Qe4+ 35. Kf2 f4 36. a7 Qe3+ 37. Kg2 Qg3+ 38. Kh1 Qh3+ 39.
Kg1 Qg3+ 40. Kh1 Qh3+ 41. Kg1 Qa3 42. Rc7 Qg3+ 43. Kh1 Qh3+ 44. Kg1 Qa3 45.
Rbb7 Qc1+ 46. Kf2 Qd2+ 47. Kf1 1/2-1/2

[Event "Detroit (Pan Am/5)"]
[Site "?"]
[Date "1992.??.??"]
[Round "?"]
[White "Robbins, Fred"]
[Black "Morabito, Matthew"]
[Result "0-1"]
[WhiteElo "1945"]
[BlackElo "1725"]
[PlyCount "102"]
[EventDate "1992.??.??"]

1. Nf3 Nf6 2. g3 g6 3. Bg2 Bg7 4. O-O O-O 5. d3 c5 6. Nbd2 d5 7. e4 Nc6 8. exd5
Nxd5 9. Nb3 b6 10. c3 Bb7 11. d4 c4 12. Nbd2 b5 13. Re1 Re8 14. Ne5 Nxe5 15.
dxe5 e6 16. Nf3 Ne7 17. Bf4 Qc7 18. Qc1 Rad8 19. Nd4 Bxg2 20. Kxg2 Rd5 21. Qe3
Red8 22. a4 a6 23. axb5 axb5 24. Kg1 h6 25. h4 Nc6 26. Nxc6 Qxc6 27. Qe4 Qd7
28. Kf1 Qe7 29. Qe3 Qe8 30. Qe2 Rd3 31. Rad1 Qc6 32. Kg1 h5 33. Rxd3 Rxd3 34.
Rd1 Rxd1+ 35. Qxd1 Qd5 36. Qxd5 exd5 37. Kf1 Kf8 38. Ke2 Ke7 39. Ke3 Ke6 40.
Kd4 Bf8 41. Bg5 b4 42. f3 bxc3 43. bxc3 Ba3 44. g4 Bf8 45. Bd8 Bg7 46. Bf6 Bh6
47. Bd8 Bd2 48. Bf6 Be1 49. Bd8 Bg3 50. Bf6 Be1 51. gxh5 Bf2# 0-1

[Event "Detroit (MI Op/7/32)"]
[Site "?"]
[Date "1992.??.??"]
[Round "?"]
[White "Robbins, Fred"]
[Black "Lubben, Don"]
[Result "1/2-1/2"]
[WhiteElo "1870"]
[BlackElo "1830"]
[PlyCount "83"]
[EventDate "1992.??.??"]

{7/(32)} 1. Nf3 d5 2. g3 Nf6 3. Bg2 c5 4. O-O Nc6 5. d3 e5 6. Nbd2 h6 7. e4
dxe4 8. dxe4 Be6 9. Re1 Be7 10. c3 Qd7 11. a4 Rd8 12. Qe2 O-O 13. Nc4 Bxc4 14.
Qxc4 Qd3 15. Qxd3 Rxd3 16. Nd2 Rfd8 17. Nc4 b6 18. h3 Ne8 19. Kf1 Nd6 20. Nxd6
R8xd6 21. Ke2 Na5 22. Be3 Nc4 23. Rad1 Rxd1 24. Rxd1 Rxd1 25. Kxd1 Nxb2+ 26.
Kc2 Nxa4 27. Kb3 b5 28. c4 Nb6 29. cxb5 Kf8 30. Bf1 Ke8 31. Be2 Kd7 32. Bd2 Kd6
33. Be3 Nd7 34. Kc4 Kc7 35. f3 Kd6 36. Bf1 Bd8 37. Bd2 Bb6 38. Bd3 Nf8 39. f4
Ne6 40. Be3 Nd4 41. Bxd4 cxd4 42. f5 1/2-1/2

[Event "Detroit (MI Op/5/35)"]
[Site "?"]
[Date "1992.??.??"]
[Round "?"]
[White "Robbins, Fred"]
[Black "Lang, Brad"]
[Result "1/2-1/2"]
[WhiteElo "1870"]
[BlackElo "1765"]
[PlyCount "88"]
[EventDate "1992.??.??"]

{5/(35)} 1. Nf3 Nf6 2. g3 d5 3. Bg2 g6 4. O-O Bg7 5. d3 O-O 6. Nbd2 c6 7. e4
dxe4 8. dxe4 Na6 9. a3 Nc5 10. Re1 Qc7 11. Rb1 Rd8 12. Qe2 e5 13. b3 Bg4 14. h3
Bxf3 15. Bxf3 Ne6 16. Bb2 Nd4 17. Bxd4 Rxd4 18. Rbd1 Rad8 19. Nc4 b5 20. Nb2
Rxd1 21. Rxd1 Rxd1+ 22. Qxd1 Qd7 23. Qd3 Qxd3 24. Nxd3 Nd7 25. Bg4 Nb6 26. Nb4
c5 27. Nd5 Bf8 28. Nxb6 axb6 29. Bd7 b4 30. a4 Bh6 31. f3 Kf8 32. Kf2 Ke7 33.
Bb5 Bc1 34. Bc4 f6 35. Ke2 g5 36. Bd5 h6 37. g4 Kd6 38. Kd3 Bb2 39. Kc4 Bd4 40.
Kb5 Kc7 41. Bg8 Bf2 42. Kc4 Kd6 43. Bh7 Bd4 44. Bf5 Bf2 1/2-1/2

[Event "Detroit (MI Op/2/16)"]
[Site "?"]
[Date "1992.??.??"]
[Round "?"]
[White "Robbins, Fred"]
[Black "Kebrdle, M."]
[Result "1/2-1/2"]
[WhiteElo "1870"]
[BlackElo "2110"]
[PlyCount "72"]
[EventDate "1992.??.??"]

{2/(16)} 1. Nf3 d5 2. g3 Nf6 3. Bg2 g6 4. O-O Bg7 5. d3 O-O 6. Nbd2 c6 7. e4
dxe4 8. dxe4 Qc7 9. c3 Nbd7 10. Qe2 e5 11. Ne1 Re8 12. Nd3 Nb6 13. b3 c5 14. c4
Be6 15. Bb2 Nfd7 16. Rfe1 Rad8 17. Nf1 Nc8 18. Ne3 Ne7 19. Nd5 Qc8 20. Qd2 Nc6
21. h4 Nd4 22. Bxd4 exd4 23. Qf4 Bxd5 24. exd5 b6 25. Bh3 Qb7 26. Rxe8+ Rxe8
27. Qd6 Ne5 28. Nxe5 Bxe5 29. Qc6 Qxc6 30. dxc6 Bc7 31. Kf1 h5 32. Re1 Kf8 33.
Rxe8+ Kxe8 34. Ke2 Ke7 35. Bg2 f6 36. Be4 f5 1/2-1/2

[Event "Flint (Class A/4)"]
[Site "?"]
[Date "1992.??.??"]
[Round "?"]
[White "Robbins, Fred"]
[Black "Gipson, John"]
[Result "0-1"]
[WhiteElo "1875"]
[BlackElo "1960"]
[PlyCount "146"]
[EventDate "1992.??.??"]

1. Nf3 d5 2. g3 Nf6 3. Bg2 e6 4. O-O Be7 5. d3 O-O 6. Nbd2 Nbd7 7. c4 c6 8.
cxd5 exd5 9. Nd4 Nc5 10. N2f3 Qb6 11. Qc2 Re8 12. Bd2 a5 13. a4 Bd7 14. Bc3 Bd6
15. h4 Na6 16. Ng5 h6 17. Nh3 Qc7 18. Qd2 Bxh3 19. Bxh3 Bxg3 20. Nf5 Bf4 21. e3
Be5 22. f4 Bxc3 23. bxc3 Kh7 24. Rf3 Nc5 25. Qc2 b5 26. axb5 cxb5 27. Nd4 Rab8
28. c4 b4 29. Nb5 Qb6 30. d4+ Nce4 31. Bf1 Kh8 32. c5 Qe6 33. f5 Qe7 34. Rxa5
Nc3 35. Nxc3 bxc3 36. Qxc3 Ne4 37. Qe1 Qc7 38. Ra2 Rb3 39. Rg2 Reb8 40. h5 Qe7
41. Rf4 Rb1 42. Qe2 Ng5 43. Rg3 R8b2 44. Qd3 Ne4 45. Rgg4 Rc1 46. Rxe4 dxe4 47.
Qxe4 Qf6 48. Qf4 Rbb1 49. Qf3 Rxf1+ 50. Qxf1 Rxf1+ 51. Kxf1 Qxf5+ 52. Rf4 Qd3+
53. Kf2 Kg8 54. Rf3 Kf8 55. Kg3 Qc3 56. Kf4 Ke7 57. Ke5 Qc4 58. Rf5 f6+ 59. Ke4
Ke6 60. Rf4 f5+ 61. Kf3 Qf1+ 62. Kg3 Qg1+ 63. Kf3 Qd1+ 64. Kg3 Qxh5 65. e4 Qg6+
66. Kf3 fxe4+ 67. Rxe4+ Kd5 68. Rf4 Qd3+ 69. Kg4 Qe2+ 70. Kg3 g5 71. Rf6 Qe3+
72. Kg2 Kxd4 73. Rd6+ Kxc5 0-1

[Event "Detroit (MI Op/1a/13)"]
[Site "?"]
[Date "1992.??.??"]
[Round "?"]
[White "Robbins, Fred"]
[Black "Avery, Robert W"]
[Result "1-0"]
[WhiteElo "1870"]
[BlackElo "2195"]
[PlyCount "75"]
[EventDate "1992.??.??"]

1. Nf3 Nf6 2. g3 d5 3. Bg2 c5 4. O-O Nc6 5. d3 e5 6. Nbd2 Be7 7. e4 Bg4 8. h3
Bh5 9. Re1 d4 10. Nf1 Nd7 11. N1h2 Qc7 12. a3 O-O-O 13. Bd2 Kb8 14. Qb1 Ka8 15.
Rc1 b5 16. c3 Rb8 17. cxd4 cxd4 18. Nxd4 exd4 19. Bf4 Qb6 20. Rxc6 Qxc6 21. e5
Qxg2+ 22. Kxg2 g5 23. Bd2 Nxe5 24. Qe1 Nc6 25. Qe4 Kb7 26. Rc1 Rbc8 27. Rxc6
Rxc6 28. Qxe7+ Kb6 29. Qxg5 Bg6 30. Qd5 Rhc8 31. Qxd4+ Kb7 32. Bc3 a6 33. Nf3
f6 34. Qd5 Kb8 35. Bxf6 Rc1 36. Bc3 Rd1 37. Be5+ Ka7 38. Qd7+ 1-0

[Event "Detroit (Pan Am/3)"]
[Site "?"]
[Date "1992.??.??"]
[Round "?"]
[White "Robbins, Fred"]
[Black "Avery, Robert W"]
[Result "0-1"]
[WhiteElo "1945"]
[BlackElo "2200"]
[PlyCount "136"]
[EventDate "1992.??.??"]

1. f4 e5 2. fxe5 d6 3. exd6 Bxd6 4. Nf3 g5 5. g3 g4 6. Nh4 Ne7 7. d4 Ng6 8.
Nxg6 hxg6 9. Qd3 Nc6 10. c3 Qe7 11. Bg2 Bd7 12. Qe3 Rxh2 13. Qxe7+ Kxe7 14.
Bg5+ f6 15. Bxf6+ Ke8 16. Rxh2 Bxg3+ 17. Kf1 Bxh2 18. Nd2 Kf7 19. Bg5 Kg7 20.
e4 Nd8 21. e5 c6 22. Bf6+ Kg8 23. Kf2 g3+ 24. Ke3 Ne6 25. Nf3 Ng7 26. Nxh2 gxh2
27. Rh1 Nh5 28. Bg5 Rf8 29. Rxh2 Be6 30. Be4 Kg7 31. Rf2 Rxf2 32. Kxf2 Bxa2 33.
Bf3 Kf7 34. Bg4 Ng7 35. Bc8 Ne6 36. Bxe6+ Kxe6 37. Ke3 Kf5 38. Bd8 Bb3 39. Bf6
a5 40. Bd8 a4 41. Bf6 Bd5 42. Bh8 b5 43. Bf6 Kg4 44. Be7 Kg3 45. Bg5 Be6 46.
Bf4+ Kg4 47. Bh6 g5 48. Bg7 Kg3 49. Bh6 Kg4 50. Bg7 Kg3 51. Bh6 g4 52. Ke2 Kg2
53. Be3 Bc4+ 54. Ke1 g3 55. Bf4 Kf3 56. Bxg3 Kxg3 57. Kd2 Kf2 58. Kd1 Ke3 59.
Kc2 Ke2 60. Kc1 Bb3 61. e6 Bxe6 62. Kc2 Ba2 63. Kc1 Kd3 64. Kd1 Bb3+ 65. Kc1
Bc2 66. d5 cxd5 67. b4 a3 68. c4 Kc3 0-1

[Event "Detroit (MOR/6/55)"]
[Site "?"]
[Date "1992.??.??"]
[Round "?"]
[White "Ridella, Dennis"]
[Black "Sundeen, David"]
[Result "0-1"]
[WhiteElo "1755"]
[BlackElo "1680"]
[PlyCount "68"]
[EventDate "1992.??.??"]

{6/(55)} 1. e4 e5 2. Nf3 Nf6 3. Nc3 Nc6 4. Bc4 Bc5 5. h3 O-O 6. d3 h6 7. a3 a6
8. O-O d6 9. Re1 Re8 10. Be3 Bxe3 11. Rxe3 Be6 12. Nd5 Bxd5 13. Bxd5 Nxd5 14.
exd5 Ne7 15. c4 Ng6 16. Nh2 Qd7 17. Qg4 Qxg4 18. Nxg4 f5 19. Nh2 Nf4 20. Nf3
Ng6 21. b4 Re7 22. Rae1 Rae8 23. c5 Kf7 24. Nd2 Nf4 25. Nc4 Nxd5 26. cxd6 Nxe3
27. dxe7 Nxc4 28. dxc4 Rxe7 29. c5 Ke6 30. Rd1 Rd7 31. Rxd7 Kxd7 32. Kf1 Kc6
33. a4 Kd5 34. Ke2 Kc4 0-1

[Event "Detroit (MOR/4/63)"]
[Site "?"]
[Date "1992.??.??"]
[Round "?"]
[White "Ridella, Dennis"]
[Black "Puryear, Douglas"]
[Result "1-0"]
[WhiteElo "1755"]
[BlackElo "1605"]
[PlyCount "79"]
[EventDate "1992.??.??"]

{4/(63)} 1. e4 e5 2. Nf3 Nc6 3. Bc4 d6 4. d3 Be7 5. h3 Na5 6. Bb5+ c6 7. Ba4 b5
8. Bb3 Nxb3 9. axb3 a5 10. O-O c5 11. Nc3 Bd7 12. Nd5 h6 13. Bd2 a4 14. bxa4
Rxa4 15. b4 cxb4 16. Bxb4 Nf6 17. Nxf6+ gxf6 18. Bd2 Be6 19. Qb1 Qd7 20. Qb2 d5
21. Rfb1 Rxa1 22. Rxa1 Qc6 23. exd5 Bxd5 24. Nh4 Rg8 25. g3 Bc5 26. Kf1 Qd7 27.
Ke1 h5 28. Rb1 Bc6 29. Bc3 Qe6 30. Qb3 Qxh3 31. Ra1 Qh1+ 32. Ke2 Qh2 33. Ra8+
Bxa8 34. Qxb5+ Kf8 35. Qxc5+ Kg7 36. Nf5+ Kh7 37. Qe7 Bd5 38. Qxf6 Rg6 39. Qxe5
Be6 40. Qh8# 1-0

[Event "Detroit (MOR/2/86)"]
[Site "?"]
[Date "1992.??.??"]
[Round "?"]
[White "Ridella, Dennis"]
[Black "Carpenter, T."]
[Result "1-0"]
[WhiteElo "1755"]
[BlackElo "1605"]
[PlyCount "119"]
[EventDate "1992.??.??"]

{2/(86)} 1. e4 e5 2. Nf3 Nc6 3. Bc4 Bc5 4. O-O Nf6 5. d3 O-O 6. Bg5 d6 7. h3 h6
8. Bh4 Qd7 9. Bxf6 gxf6 10. Nh4 Nd4 11. c3 Ne6 12. Qh5 Kh7 13. Nf5 Rh8 14.
Qxh6+ Kg8 15. Qxf6 Rh7 16. Ne7+ Kf8 17. Nxc8 Rxc8 18. Bxe6 Qxe6 19. Qxe6 fxe6
20. Nd2 b5 21. a4 a6 22. b4 Bb6 23. a5 Ba7 24. Nf3 c5 25. Rac1 Rhc7 26. Ng5 Ke7
27. Rb1 cxb4 28. cxb4 Rc3 29. Rfd1 Rc2 30. Kh1 Bxf2 31. Nf3 Be3 32. Ne1 Rc1 33.
Rdxc1 Rxc1 34. Rxc1 Bxc1 35. g4 Kf6 36. Kg2 Bd2 37. Nc2 Kg5 38. d4 Kh4 39. dxe5
dxe5 40. Kh2 Bf4+ 41. Kg2 Bd2 42. Kh2 Bf4+ 43. Kg2 Bd2 44. Kf3 Kxh3 45. g5 Bxg5
46. Ne1 Bd2 47. Nd3 Kh4 48. Ke2 Bc3 49. Kd1 Kg4 50. Kc2 Bd4 51. Nc5 Kf3 52. Kd3
Kf4 53. Nxe6+ Kf3 54. Nxd4+ exd4 55. e5 Kf4 56. e6 Ke5 57. e7 Kd6 58. e8=Q Kc7
59. Qe6 Kb7 60. Kxd4 1-0

[Event "East Lansing (MI Am/1)"]
[Site "?"]
[Date "1992.??.??"]
[Round "?"]
[White "Rickelt, T."]
[Black "Stockton, T."]
[Result "1/2-1/2"]
[WhiteElo "1650"]
[BlackElo "1605"]
[PlyCount "58"]
[EventDate "1992.??.??"]

1. f4 d5 2. Nf3 Nf6 3. b3 Nc6 4. Bb2 e6 5. e3 b6 6. Bb5 Bd7 7. a3 a6 8. Bxc6
Bxc6 9. d3 Bd6 10. Nbd2 O-O 11. Qe2 Bb7 12. O-O c5 13. Ne5 Ne8 14. f5 f6 15.
Ng4 e5 16. Rf3 Nc7 17. Rh3 Rc8 18. Qf2 h6 19. Qg3 Kf7 20. Nxh6+ gxh6 21. Qg6+
Ke7 22. Rxh6 Rf7 23. Rh7 Rxh7 24. Qxh7+ Ke8 25. Nf3 Qe7 26. Qg6+ Kd7 27. Rf1
Rf8 28. Nh4 Rf7 29. Qg4 Rg7 1/2-1/2

[Event "East Lansing (MI Am/3)"]
[Site "?"]
[Date "1992.??.??"]
[Round "?"]
[White "Rickelt, T."]
[Black "Aydar, A."]
[Result "1-0"]
[WhiteElo "1650"]
[BlackElo "1605"]
[PlyCount "71"]
[EventDate "1992.??.??"]

1. f4 e5 2. fxe5 d6 3. exd6 Bxd6 4. Nf3 Nf6 5. Nc3 Bg4 6. e4 O-O 7. d4 Bb4 8.
Bd2 Bxc3 9. Bxc3 Nxe4 10. Be2 Bxf3 11. Bxf3 Re8 12. O-O Nxc3 13. bxc3 c6 14.
Rb1 Qc7 15. Qd3 Nd7 16. Be4 Nf6 17. Rxf6 gxf6 18. Bxh7+ Kg7 19. Rf1 Rh8 20. Qf5
Rxh7 21. Qxf6+ Kg8 22. Rf4 Qd7 23. h3 Qe6 24. Rg4+ Kf8 25. Qg5 f5 26. Rf4 Rf7
27. Rh4 Rg7 28. Rh8+ Kf7 29. Qh5+ Qg6 30. Qxg6+ Kxg6 31. Rxa8 a6 32. Re8 Kg5
33. Kf2 Rh7 34. Ke3 Kh4 35. Kf4 Rg7 36. Rh8+ 1-0

[Event "East Lansing (MI Am/4)"]
[Site "?"]
[Date "1992.??.??"]
[Round "?"]
[White "Reist, S."]
[Black "Tsuji, J."]
[Result "0-1"]
[WhiteElo "1605"]
[BlackElo "1605"]
[PlyCount "78"]
[EventDate "1992.??.??"]

1. d4 Nf6 2. c4 e6 3. Nf3 b6 4. g3 Bb7 5. Bg2 d5 6. b3 h6 7. Nc3 Bb4 8. Bd2
Nbd7 9. O-O Bxc3 10. Bxc3 O-O 11. Qc2 c5 12. Rae1 dxc4 13. bxc4 cxd4 14. Bxd4
Rc8 15. Nd2 Bxg2 16. Kxg2 Nc5 17. Bxf6 Qxf6 18. Ne4 Qf5 19. f3 Nxe4 20. fxe4
Qc5 21. Rc1 Rfd8 22. Qb3 Rd4 23. Qf3 Rc7 24. Rcd1 Rcd7 25. Rxd4 Qxd4 26. e3
Qxc4 27. Rf2 b5 28. e5 Qd5 29. e4 Qc4 30. Qf4 a5 31. h4 b4 32. h5 a4 33. g4 b3
34. axb3 axb3 35. g5 hxg5 36. Qxg5 Qxe4+ 37. Kh2 Rd4 38. Rg2 Qh4+ 39. Qxh4
Rxh4+ 0-1

[Event "East Lansing (MI Am/3)"]
[Site "?"]
[Date "1992.??.??"]
[Round "?"]
[White "Reist, Douglas"]
[Black "LaGuire, D."]
[Result "0-1"]
[WhiteElo "1605"]
[BlackElo "1605"]
[PlyCount "82"]
[EventDate "1992.??.??"]

1. d4 Nf6 2. c4 g6 3. Nc3 d5 4. Nf3 Bg7 5. e3 Bg4 6. Be2 O-O 7. Ne5 Bxe2 8.
Qxe2 e6 9. O-O Nh5 10. e4 c6 11. f4 f5 12. Bd2 fxe4 13. Be3 Nd7 14. Qd2 Nxe5
15. fxe5 dxc4 16. Bh6 Bxh6 17. Qxh6 Qxd4+ 18. Kh1 Qxe5 19. Rad1 Ng7 20. Kg1
Rxf1+ 21. Rxf1 Qd4+ 22. Kh1 e3 23. Ne2 Qxb2 24. Qxe3 e5 25. Qf3 h6 26. Qf7+ Kh7
27. Qxc4 Qb5 28. Qe4 Qd5 29. Qc2 Rd8 30. h3 Qd2 31. Qe4 Qb2 32. Kh2 Rd2 33. Rf2
Nf5 34. g4 Nd6 35. Qf3 e4 36. Qe3 Qe5+ 37. Kg2 Rxa2 38. h4 b6 39. g5 Nf5 40.
Qf4 Qxf4 41. Nxf4 Rxf2+ 0-1